000 00399nam a2200145Ia 4500
008 210719s1896 xx 000 0 und d
041 _aeng
082 _a821.8 TENP
100 _aTENNYSON (Alfred Lord)
245 _aPoetical works of Alfred Lord Tennyson: Idylls of the king VI.
260 _aLondon
_bMacmillan & Co. Ltd.
_c1896
300 _a60
_bHB
365 _cRs
650 _aEnglish Poetry
999 _c214027
_d214027